Biathlon : Palmarès Hommes - Statistiques

Statistiques générales
  • Ce quiz a été pris 106 fois
  • Le résultat moyen est 6 sur 15
Statistiques - réponses
Question Réponse % Correct
Combien ? 7
76%
Qui a remporté le plus grand nombre de Gros Globe de Cristal ? Martin Fourcade
68%
Combien ? 95
64%
Combien ? 33
48%
Qui détient le plus de titres de Champion du Monde ? Johannes Thingnes Boe
48%
Qui a réalisé le plus grand nombre de victoire en Coupe du Monde ? (JO et Championnat du Monde inclus) Ole Einar Bjorndalen
47%
Qui a remporté la médaille d'Argent sur la poursuite aux JO de Salt Lake City en 2002 ? Raphael Poirée
47%
Combien ? 23
36%
Combien ? 8
33%
Qui détient le plus de médailles aux Championnat du Monde ? Ole Einar Bjorndalen
33%
Qui détient le plus de médailles Olympique ? Ole Einar Bjorndalen
31%
Qui a remporté le plus grand nombre de Globe Individuel ? Martin Fourcade
27%
Qui détient le plus de titres Olympique ? Ole Einar Bjorndalen
20%
Combien ? 45
18%
Combien ? 14
8%
Aucun quiz correspondant
Distribution des résultats
% des personnes avec chaque résultat
Percentile par nombre de réponses
Votre historique - résultats
Vous n’avez pas pris ce quiz